Cuentos misteriosos / (Record no. 186344)

MARC details
000 -LEADER
campo de control de longitud fija 00923nam a2200229 i 4500
001 - NÚMERO DE CONTROL
campo de control 186344
003 - IDENTIFICADOR DE NÚMERO DE CONTROL
campo de control ES-MaACL
005 - FECHA Y HORA DE LA ÚLTIMA TRANSACCIÓN
campo de control 20250920063115.0
007 - CAMPO FIJO DE DESCRIPCIÓN FÍSICA--INFORMACIÓN GENERAL
campo de control de longitud fija t|
008 - DATOS DE LONGITUD FIJA--INFORMACIÓN GENERAL
campo de control de longitud fija 161026s1928 sp a |||| | cat d
080 ## - NÚMERO DE LA CLASIFICACIÓN DECIMAL UNIVERSAL
Número de la Clasificación Decimal Universal 821.134.2(72)-34"18"
100 1# - ENTRADA PRINCIPAL--NOMBRE DE PERSONA
Nombre de persona Nervo, Amado,
Fechas asociadas al nombre 1870-1919
9 (RLIN) 85404
245 10 - MENCIÓN DEL TÍTULO
Título Cuentos misteriosos /
Mención de responsabilidad, etc. Amado Nervo ; [texto al cuidado de Alfonso Reyes ; ilustraciones de Marco].
260 ## - PUBLICACIÓN, DISTRIBUCIÓN, ETC.
Lugar de publicación, distribución, etc. Madrid :
Nombre del editor, distribuidor, etc. Biblioteca Nueva,
Fecha de publicación, distribución, etc. imp. 1928.
300 ## - DESCRIPCIÓN FÍSICA
Extensión 202 p. :
Otras características físicas il. ;
Dimensiones 19 cm.
490 1# - MENCIÓN DE SERIE
Mención de serie Obras completas de Amado Nervo ;
Designación de volumen o secuencia 20
700 1# - ENTRADA AGREGADA--NOMBRE PERSONAL
Nombre de persona Reyes, Alfonso,
Fechas asociadas al nombre 1889-1959
9 (RLIN) 96554
700 1# - ENTRADA AGREGADA--NOMBRE PERSONAL
Nombre de persona Marco, Fernando.
9 (RLIN) 76462
830 0# - PUNTO DE ACCESO ADICIONAL DE SERIE-TÍTULO UNIFORME
Título uniforme Obras completas de Amado Nervo ;
Designación de volumen o secuencia 20
9 (RLIN) 181423
852 ## - LOCALIZACIÓN
Ubicación ES-MaACL
Número de control de estantería A-5050
Nota libre - Enc. tela roja Calleja
-- . - Donat. de la Junta de Intercambio y Adquisición de Libros para Bibliotecas Públicas
Copia número - Ejemp. numerado n. 01925
Holdings
Estatus retirado Estado de pérdida Estado de daño No para préstamo Biblioteca de origen Biblioteca actual Ubicación en estantería Fecha de adquisición Fuente de adquisición Total de préstamos Signatura topográfica completa Código de barras Visto por última vez Precio de reemplazo Tipo de ítem Koha
        Biblioteca del Ateneo de Madrid Biblioteca del Ateneo de Madrid Sala Pecera Planta 1 26/10/2016     A-5050 1196492 23/02/2023 23/02/2023 Libro impreso